000 nam a22 7a 4500
999 _c336570
_d336570
003 IT-MiCISF
005 20170403171520.0
008 170403b xxu||||| |||| 00| 0 eng d
040 _cIT-MiCISF
041 _ait
100 _aGerardi Adele (a cura di)
_956343
245 _aFigli e lavoro si può
260 _aRovereto (TN)
_bGreenTrenDesign
_c2014
300 _app. 89
500 _alavoro, famiglia, cultura, società, esperienze, politica-familiare, madre-lavoratrice
520 _aDieci storie di conciliazione vita-lavoro per incoraggiarci a pensare che è possibile ridisegnare un equilibrio tra gli impegni di lavoro e i carichi familiari. I protagonisti del libro si raccontano e ci descrivono come attraverso una nuova mentalità aziendale hanno trovato la formula migliore per non penalizzare il lavoro e non far mancare la propria presenza in famiglia. Grazie a orari flessibili, al telelavoro, ai nidi aziendali e asili nido di comunità lo scenario della loro vita è cambiato, guadagnando in serenità e in qualità. Il testo ne parla attraverso le testimonianze della gente interessata, in "viva voce", sulla base della convinzione che più che le linee di indirizzo della governance di un territorio, siano gli effetti concreti sulla qualità di vita della sua popolazione a dare la reale misura della loro efficacia.
650 _apolitica-familiare
_956074
654 _aintervista
942 _2ddc
_cBK